Taylor Swift - right where you left me Lyrics - Statistics

General Stats
  • This quiz has been taken 287 times
  • The average score is 356 of 412
Answer Stats
Answer % Correct
I
98%
a
97%
me
97%
the
97%
you
97%
You
97%
in
96%
left
96%
right
96%
Right
96%
up
96%
where
96%
But
95%
but
95%
I'm
95%
on
95%
still
95%
Still
95%
to
95%
at
94%
At
94%
restaurant
94%
ever
93%
get
93%
hear
93%
break
92%
Help
92%
no
92%
every
91%
Friends
91%
friends
91%
married
91%
stay
91%
when
91%
for
90%
there
90%
and
89%
And
89%
her
89%
my
89%
sitting
89%
about
88%
corner
88%
girl
88%
hair
88%
haunt
88%
it
88%
she
88%
Strangers
88%
strangers
88%
was
88%
who
88%
Did
87%
got
87%
so
87%
choice
86%
forever
86%
here
86%
moved
86%
oh
86%
She's
86%
stayed
85%
that
85%
twenty-three
85%
buried
84%
could
84%
Everybody
84%
everybody
84%
fantasy
84%
pin
84%
Time
84%
frozen?
83%
one
83%
be
82%
inside
82%
They
82%
light
81%
say
81%
delusion?
80%
dim
80%
Dust
80%
of
80%
pinned
80%
Some
80%
want
80%
"What
80%
born
79%
collected
79%
fly
79%
new
79%
sad
79%
Cross
78%
day
78%
have
78%
know
78%
told
78%
don't
77%
lives
77%
white
77%
just
76%
rumors
76%
skies
76%
drop
75%
front
75%
other
75%
sight"
75%
went
75%
wife
75%
Kids
74%
Breakups
73%
burn
73%
'Cause
73%
cause
73%
cloth
73%
each
73%
Glass
73%
happen
73%
met
73%
moment
73%
out
73%
someone
73%
stop
73%
sure
73%
won't
73%
you're
73%
Christmas
72%
felt
72%
after
71%
else
71%
legged
71%
mascara
71%
run
71%
through
71%
change
70%
feel
70%
If
70%
if
70%
lose
70%
shattered
70%
unaware
70%
stick
69%
supposed
68%
find
67%
harm
67%
Matches
66%
Pages
66%
Trends
66%
everything
65%
How
64%
sat
64%
turn
64%
business
63%
expected
63%
swear
63%
young
63%
love
62%
Mind
62%
somewhere
60%
think
60%
wrong
60%
lessons
59%
perspective
59%
stared
59%
learned
57%
witness
57%
can't
55%
our
55%
died
54%
it's
53%
bear
52%
been
50%
long
49%
earned
48%
Wages
48%
No matching quizzes found
Score Distribution
Percent of People with Each Score
Percentile by Number Answered
Your Score History
You have not taken this quiz